000
00291nam a2200097Ia 4500
008
230915s9999 xx 000 0 und d
050
_a
QC21.2.B73 2000
100
_a
DOUGLAS C. GIANCOLI
245
0
_a
STUDY GUIDE AND STUDENT SOLUTIONS MANUAL:PHYSICS FOR SCIENTISTS AND ENGINEERS
942
_c
BK
999
_c
189197
_d
189197